Coal reserves of the Hasler Creek-Pine River area, British Columbia. (Record no. 28941)

MARC details
000 -LEADER
fixed length control field 00997cam a22002891 4500
001 - CONTROL NUMBER
control field gs 55000104
003 - CONTROL NUMBER IDENTIFIER
control field DLC
005 - DATE AND TIME OF LATEST TRANSACTION
control field 20260227111402.0
008 - FIXED-LENGTH DATA ELEMENTS--GENERAL INFORMATION
fixed length control field 811022s1955 bccabf b 000 0 eng c
010 ## - LIBRARY OF CONGRESS CONTROL NUMBER
LC control number gs 55000104
035 ## - SYSTEM CONTROL NUMBER
System control number (OCoLC)7866538
040 ## - CATALOGING SOURCE
Original cataloging agency U.S. Geol. Survey libr.
Transcribing agency MoU
Modifying agency WaChenE
-- DLC
042 ## - AUTHENTICATION CODE
Authentication code premarc
043 ## - GEOGRAPHIC AREA CODE
Geographic area code n-cn-bc
050 00 - LIBRARY OF CONGRESS CALL NUMBER
Classification number TN27
Item number .B72 no. 36
100 1# - MAIN ENTRY--PERSONAL NAME
Personal name McKechnie, Neil Douglas.
245 10 - TITLE STATEMENT
Title Coal reserves of the Hasler Creek-Pine River area, British Columbia.
260 ## - PUBLICATION, DISTRIBUTION, ETC.
Place of publication, distribution, etc. Victoria,
Name of publisher, distributor, etc. D. McDiarmid, printer to the Queen,
Date of publication, distribution, etc. 1955.
300 ## - PHYSICAL DESCRIPTION
Extent 32 p.
Other physical details illus., plates, maps, tables.
Dimensions 27 cm.
500 ## - GENERAL NOTE
General note Part of the illustrative material is folded in pocket.
504 ## - BIBLIOGRAPHY, ETC. NOTE
Bibliography, etc. note Bibliographical footnotes.
650 #0 - SUBJECT ADDED ENTRY--TOPICAL TERM
Topical term or geographic name entry element Coal
Geographic subdivision British Columbia.
650 #0 - SUBJECT ADDED ENTRY--TOPICAL TERM
Topical term or geographic name entry element Coal
General subdivision Testing.
650 #0 - SUBJECT ADDED ENTRY--TOPICAL TERM
Topical term or geographic name entry element Coal mines and mining
Geographic subdivision British Columbia.
650 #0 - SUBJECT ADDED ENTRY--TOPICAL TERM
Topical term or geographic name entry element Borings
Geographic subdivision British Columbia.
830 #0 - SERIES ADDED ENTRY--UNIFORM TITLE
Uniform title Bulletin (British Columbia. Department of Mines) ;
Volume/sequential designation no. 36.

No items available.

Powered by Koha